Bases per a la reglamentació del servei de vehicles auto-taxis en el terme municipal de Barcelona
Descripción Física:
15 p. ; 16 cm
Materias:
Taxis -- Barcelona
MARC
| LEADER | 00000nam a2200000Ia 4500 | ||
|---|---|---|---|
| 001 | 17971 | ||
| 008 | 160829s1933 xx 000 0 cat d | ||
| 080 | |a RF-2-21 | ||
| 245 | |a Bases per a la reglamentació del servei de vehicles auto-taxis en el terme municipal de Barcelona | ||
| 260 | |a [Barcelona] : |b Llibreria de F. Alum, |c 1933 | ||
| 300 | |a 15 p. ; |c 16 cm | ||
| 590 | |a Prové del lligall S-145, exp. 42 | ||
| 650 | |a Taxis |x Barcelona |9 22184 | ||
| 856 | 4 | |u https://media.diba.cat/diba/fitxers/arxiu/fulletons/bib_17971_1933_baixa.pdf |y Accés lliure | |
| 856 | 4 | |u https://media.diba.cat/diba/fitxers/arxiu/fulletons/bib_17971_1933_baixa.pdf |y Accés lliure | |
| 901 | |a Arxiu | ||
| 942 | |n 1 |2 udc | ||
| 952 | |0 0 |1 0 |4 0 |6 RF221 |7 1 |9 42100 |a Arxiu |b Arxiu |d 2016-12-01 |l 0 |o RF-2-21 |p 17971 |r 2016-12-01 00:00:00 |w 2016-12-01 |y ARXIU | ||
| 999 | |c 44547 |d 44547 | ||
| 900 | |a bib_17971_1933_baixa.pdf | ||